zpět

Detail výsledku týmu

Ledenická Hospůdka, Ledenice

Datum a čas kvízu

36.5 Celkem bodů Celkový počet nahraných bodů na tomto kvízu bez doplňovacích otázek.
2. Pořadí na kvízu Konečné umístění týmu na tomto kvízu.

Zaznamenané odpovědi

# Otázka Odpověď Body Výsledky
1. Největší český online prodejce... Rohlik(.cz), Rabbit (CZ) 1
2. Letadlo ruského ministra zahra... v Brazílii 1
3. V úterý jsme se dozvěděli, že... Blade Runner 1
4. Španělská policie zatkla na ji... s viagrou (lékem na potenci) 1
5. 34letý trojnásobný mistr světa... Peter Sagan 1
6. Součástí televizního programu... Hodina pravdy 1
7. Která veřejně známá osobnost z... Ladislav Zibura 0
8. Napište název televizní soutěž... Kufr 1
9. V dnešní době je velmi populár... 1A 2C 3B 4D 1
10. Kdo z uvedených nikdy nemodero... D 1